000 00255nam a22001217a 4500
008 180914b xxu||||| |||| 00| 0 eng d
041 _aeng
080 _a371
100 _a25
101 _aEDU
245 _aSuccess in Writing
_cWestdal
942 _2udc
_cBK
999 _c47755
_d47755